History Quiz

Random History or Politics Quiz

Iowa Caucus Winners Quiz Stats

 Plays Quiz Updated Feb 11, 2020

     
Support Sporcle.
Go Orange.
Score 0/75 Timer 06:00
0 Plays Today
Year Candidate % Correct
2016Hillary Clinton
96.4%
2008Hillary Clinton
95.4%
1992Bill Clinton
95.3%
2016Donald Trump
95.3%
2008Barack Obama
95.2%
2020Donald Trump
94.3%
2000George W. Bush
93.8%
1980George H. W. Bush
93.8%
1988George H. W. Bush
93.2%
2012Mitt Romney
92.7%
2008Mitt Romney
92.7%
2020Joe Biden
89.4%
2020Bernie Sanders
87.4%
2016Bernie Sanders
82.6%
2008John McCain
81.7%
2000John McCain
81.7%
2000Al Gore
79.9%
1980Ronald Reagan
79.2%
2004John Kerry
78.1%
2016Ted Cruz
76.2%
2012Ron Paul
75.3%
2008Ron Paul
75.3%
2012Rick Santorum
72.1%
2020Elizabeth Warren
70.7%
2012Newt Gingrich
69%
1988Bob Dole
67.5%
1996Bob Dole
67.5%
1980Jimmy Carter
65%
2016Marco Rubio
64.3%
2012Rick Perry
64.1%
2020Pete Buttigieg
62.5%
2008John Edwards
57.3%
2004John Edwards
57.3%
1988Michael Dukakis
52.7%
1984Walter Mondale
50.4%
2020Amy Klobuchar
49.8%
2008Mike Huckabee
47.6%
2016Rand Paul
44%
Year Candidate % Correct
2016Ben Carson
42%
1980Ted Kennedy
40.1%
2016Martin O'Malley
38.3%
2008Joe Biden
37.2%
2020Bill Weld
35.5%
2004Howard Dean
31.9%
1988Jesse Jackson
30.3%
2020Joe Walsh
28.3%
1984Gary Hart
23.2%
2000Bill Bradley
20.9%
1996Pat Buchanan
20.6%
2008Fred Thompson
19.4%
1992Jerry Brown
18.4%
1988Jack Kemp
18.3%
2004Dennis Kucinich
18.1%
2008Bill Richardson
17.9%
1992Paul Tsongas
16.7%
2004Dick Gephardt
16.6%
1988Dick Gephardt
16.6%
1992Tom Harkin
15.2%
1988Pat Robertson
14.7%
2000Steve Forbes
13.9%
1996Steve Forbes
13.9%
2000Alan Keyes
11.1%
1984George McGovern
10.5%
1996Lamar Alexander
9.8%
1988Paul Simon
9.2%
1992Bob Kerrey
8.3%
1984John Glenn
5.8%
1980Howard Baker
5.6%
1996Phil Gramm
5.2%
2000Gary Bauer
5%
1988Pete DuPont
4%
1988Bruce Babbitt
3.7%
1980John Connally
3.5%
1984Alan Cranston
3.3%
1980Phil Crane
3.2%

From the Vault

Fix the Australia Map

by mikenew

Don't worry, this quiz requires no special koalafications.
Remove Ads.
Support Sporcle.
Get the best of Sporcle when you Go Orange. This ad-free experience offers more features, more stats, and more fun while also helping to support Sporcle. Thank you for becoming a member.

Show Comments

Extras

Top Quizzes Today


Score Distribution

Your Account Isn't Verified!

In order to create a playlist on Sporcle, you need to verify the email address you used during registration. Go to your Sporcle Settings to finish the process.

Report this User

Report this user for behavior that violates our Community Guidelines.

Details: